000 00808nam a22002297a 4500
005 20120326120820.0
008 120326t xxu||||| |||| 00| 0 eng d
010 _aENG-104881
020 _a9789380902364
_c700.00
035 _aEN-88414
037 _bDBAD/PUB
040 _aDPL
_bEng
082 _a880
100 _aSharma, Ram
_943461
245 _aCritical explorations in Indian English literature /
_cby Ram Sharma
260 _aJaipur
_bAadi Publications
_c2011
270 _a18, Jain Bhawan, Opp. N.B.C. Shanti Nagar
_bJaipur
_e302006
300 _axi,220p.
_c22cm(Hb)
500 _aIncludes bibliographical references
942 _2ddc
_cEN
_h880
_mSHA
999 _c64380
_d64380